[Event "e2e4 Sunningdale May Open 2014"]
[Site "Ascot ENG"]
[Date "2014.05.25"]
[Round "5"]
[White "Savage,Nicholas W"]
[Black "Bonafont,P"]
[Result "1/2-1/2"]
[WhiteElo "1977"]
[BlackElo "2027"]

1.d4 d5 2.c4 dxc4 3.e4 e5 4.Nf3 exd4 5.Bxc4 Nc6 6.O-O Be6 7.Bb5 Bc5 8.b4 Bb6
9.a4 a5 10.Bb2 Ne7 11.bxa5 Rxa5 12.Nxd4 O-O 13.Nxe6 Qxd1 14.Rxd1 fxe6 15.Rd2 e5
16.Nc3 Raa8 17.Bc4+ Kh8 18.Nd5 Ba5 19.Rdd1 Ng6 20.Ra3 Rad8 21.Rad3 Rfe8 22.Bb5  1/2-1/2

[Event "Mitropa Cup 2014"]
[Site "Ruzomberok SVK"]
[Date "2014.05.29"]
[Round "7.2"]
[White "Froewis,G"]
[Black "Mazur,Ste"]
[Result "1/2-1/2"]
[WhiteElo "2438"]
[BlackElo "2426"]

1.d4 d5 2.c4 dxc4 3.e4 e5 4.Nf3 exd4 5.Bxc4 Nc6 6.O-O Be6 7.Bxe6 fxe6 8.Qb3 Qd7
9.Qxb7 Rb8 10.Qa6 Bd6 11.Nbd2 Nf6 12.b3 O-O 13.Bb2 e5 14.Rac1 Ne7 15.Bxd4 exd4
16.e5 Bb4 17.exf6 Rxf6 18.Qxa7 Rc8 19.Rfd1 Rf4 20.Nf1 Nf5 21.Ne5 Qd6 22.Nd3 Ba3
23.Qb7 Ne7 24.Nxf4 Bxc1 25.Ne2 Bb2 26.Rd2 Ba1 27.Qe4 Qf6 28.Nxd4 c5 29.Nf3 h6
30.Rd7 Nf5 31.Qd5+ Kh8 32.Rf7 Ne7 33.Qc4 Qd6 34.N3d2 Nc6 35.Ne4 Qg6 36.Qa6 Re8
37.Rc7 Qxe4 38.Qxc6 Qxc6 39.Rxc6 Bd4 40.Ne3 Ra8 41.a4 Rb8 42.g3 Rxb3 43.Nf5 Ra3
44.Nxd4 cxd4 45.Rc4 d3 46.Rd4 d2 47.Rxd2 Rxa4 48.Rd6 Kh7 49.Kh1 h5 50.Kg2 h4
51.Kh3 hxg3 52.hxg3 Kg8 53.f4 Kf7 54.Kg4 g6 55.Rb6 Rc4 56.Rb5 Kf6 57.Rb6+ Kf7
58.Rd6 Ra4 59.Rd3 Kf6 60.Rb3 Rc4 61.Kf3 Rc1 62.g4 Rf1+ 63.Kg3 Rg1+ 64.Kh3 Rh1+
65.Kg2 Ra1 66.Rb6+ Kf7 67.Rb7+ Kg8 68.Kf3 Ra4 69.Rd7 Rb4 70.g5 Ra4 71.Ke3 Rb4
72.Rd4 Rb1 73.Ke4 Re1+ 74.Kd5 Kf7 75.Kd6 Ra1 76.Kd7 Ra7+ 77.Kc6 Ra6+ 78.Kb5 Ra1
79.Rd6 Rf1 80.Rf6+ Kg7 81.Kc6 Rc1+ 82.Kd7 Ra1 83.Rc6 Rf1 84.Rf6 Ra1 85.Rd6 Rf1
86.Rd4 Kf7 87.Kd6 Ra1 88.Ke5  1/2-1/2

[Event "33rd Zalakaros Open 2014"]
[Site "Zalakaros HUN"]
[Date "2014.05.30"]
[Round "8.11"]
[White "Gonda,L"]
[Black "Almasi,I"]
[Result "1-0"]
[WhiteElo "2563"]
[BlackElo "2403"]

1.d4 d5 2.c4 dxc4 3.e4 e5 4.Nf3 exd4 5.Bxc4 Nc6 6.O-O Be6 7.Bb5 Bc5 8.b4 Bb6
9.a4 a6 10.Bxc6+ bxc6 11.a5 Ba7 12.Bb2 Ne7 13.Nxd4 O-O 14.Na3 c5 15.bxc5 Bxc5
16.Rc1 Bxd4 17.Bxd4 Ng6 18.Be3 Qh4 19.f4 f5 20.Rxc7 fxe4 21.f5 Bxf5 22.Qd5+ Kh8
23.Bd4 Ne7 24.Qe5 Rf7 25.g3 Qg5 26.h4 Qg4 27.Nc4 Ng6 28.Qd6 Rxc7 29.Qxc7 Bd7
30.Ne3 Qe6 31.h5 Rc8 32.Qb6 Qh3 33.hxg6 Qxg3+ 34.Ng2 hxg6 35.Qb2 Bh3 36.Bxg7+ Kh7
37.Bd4 Rc7 38.Qf2 Qg4 39.Kh2 e3 40.Bxe3 Bxg2  1-0

[Event "Deltalift Open 2014"]
[Site "Halmstad SWE"]
[Date "2014.05.31"]
[Round "7.2"]
[White "Hillarp Persson,T"]
[Black "Christiansen,Johan-Sebastian"]
[Result "1-0"]
[WhiteElo "2556"]
[BlackElo "2236"]

1.d4 d5 2.c4 dxc4 3.e4 e5 4.Nf3 Bb4+ 5.Nc3 exd4 6.Nxd4 Nd7 7.Bxc4 Ngf6 8.O-O O-O
9.f3 Ne5 10.Be2 c6 11.Kh1 Ng6 12.a3 Ba5 13.Nb3 Bc7 14.Qxd8 Rxd8 15.Be3 Nf4
16.Rfd1 Nxe2 17.Nxe2 Be6 18.Ned4 Bxb3 19.Nxb3 Be5 20.Bd4 Bxd4 21.Nxd4 Rd7
22.Nb3 Rad8 23.Rxd7 Rxd7 24.Nc5 Re7 25.Rc1 Kf8 26.Kg1 Ke8 27.b4 Kd8 28.Kf2 Kc8
29.Nd3 Kb8 30.g4 Nd7 31.Ke3 Ne5 32.Nxe5 Rxe5 33.f4 Re7 34.h4 Rd7 35.h5 a6
36.h6 gxh6 37.Rh1 f6 38.Rxh6 Rf7 39.f5 Kc7 40.Kf4 Kd7 41.g5 fxg5+ 42.Kxg5 Re7
43.Kf4 Rg7 44.e5 Ke8 45.e6 Kf8 46.Ke5 b6 47.Kd6 c5 48.f6 Rg1 49.Rxh7 Rd1+
50.Kc6 Kg8 51.f7+  1-0

[Event "44th Bosna Open 2014"]
[Site "Sarajevo BIH"]
[Date "2014.06.01"]
[Round "3.1"]
[White "Kozul,Z"]
[Black "Stevic,H"]
[Result "1-0"]
[WhiteElo "2595"]
[BlackElo "2613"]

1.d4 d5 2.c4 dxc4 3.e4 Nf6 4.e5 Nd5 5.Bxc4 Nb6 6.Bb3 Nc6 7.Ne2 Bf5 8.Nbc3 e6
9.O-O Qd7 10.Be3 Be7 11.Ng3 Bg6 12.f4 O-O-O 13.d5 exd5 14.Bxb6 axb6 15.f5 Nxe5
16.Bxd5 c6 17.Be4 Bc5+ 18.Kh1 Qe7 19.Qe2 Qh4 20.Bf3 f6 21.Nce4 Bf7 22.Rfc1 Nxf3
23.gxf3 Qf4 24.a4 Qe3 25.Qg2 Bb4 26.Rc2 Rd3 27.Rf1 Rhd8 28.Qh3 Rd1 29.Rf2 h5
30.Kg2 Rxf1 31.Rxf1 Qb3 32.Rf2 Qxa4 33.Nxh5 Rh8 34.Qg4 Qa5 35.Nhg3 Rg8 36.Re2 Qb5
37.h4 Qd3 38.h5 Qd4 39.Kh3 b5 40.Rg2 Qe5 41.Nf2 Bd6 42.Nd3 Qe3 43.Nf2 Be5
44.Nfe4 Qh6 45.Re2 Rd8 46.Ng5 Bc4 47.Rxe5 fxe5 48.N3e4 Kb8 49.Kh4 Rd1 50.Qg3 Rh1+
51.Nh3 Bf7 52.Qxe5+ Ka8 53.Ng3 Rh2 54.b4 Qh8 55.Kg4 Rc2 56.Ng5 Qf8 57.N3e4 Bd5
58.Ne6 Bxe6 59.fxe6 Rg2+ 60.Ng3 Qe7 61.f4 Rg1 62.Kh3 Rd1 63.f5 Rd5 64.Qe3 Qf8
65.e7 Qe8 66.h6 gxh6 67.f6 Rh5+ 68.Kg2  1-0

[Event "44th Bosna Open 2014"]
[Site "Sarajevo BIH"]
[Date "2014.06.04"]
[Round "7.13"]
[White "Nestorovic,De"]
[Black "Toth,Alek"]
[Result "1/2-1/2"]
[WhiteElo "2432"]
[BlackElo "2304"]

1.d4 d5 2.c4 dxc4 3.e4 Nf6 4.e5 Nd5 5.Bxc4 Nb6 6.Bd3 Nc6 7.Ne2 Bg4 8.f3 Be6
9.Nbc3 Qd7 10.Ne4 Bd5 11.Nc5 Qc8 12.Be3 e6 13.Qc1 Nb4 14.Bb1 Bc4 15.Ng3 Bb5
16.Bd2 N6d5 17.Bxb4 Nxb4 18.Qd2 Nd5 19.Be4 b6 20.Bxd5 exd5 21.Nd3 Qa6 22.Nb4 Qb7
23.O-O-O O-O-O 24.Nh5 Bxb4 25.Qxb4 Qc6+ 26.Kb1 a5 27.Qb3 Ba4 28.Qd3 Bxd1
29.Rxd1 Qg6 30.g4 f6 31.h3 fxe5 32.dxe5 Qxd3+ 33.Rxd3 g5 34.Nf6 d4 35.a4 c5
36.b3 Rde8 37.Nxe8 Rxe8 38.f4 gxf4 39.Rf3 Rxe5 40.Rxf4 Re3 41.Rf8+ Kd7 42.Rf7+ Kc6
43.Rxh7 Rxb3+ 44.Kc2 Rc3+ 45.Kd2 Kd5 46.g5 Rg3 47.h4 Kc4 48.Ke2 d3+ 49.Kd2 Rg2+
50.Ke3 Kc3 51.Rd7 c4 52.Kf4 d2 53.h5 Kc2 54.h6 d1=Q 55.Rxd1 Kxd1 56.h7 Rh2
57.g6 c3 58.Kg3 Rxh7 59.gxh7 c2 60.h8=Q c1=Q 61.Qd4+ Qd2 62.Qxb6 Qc3+ 63.Kf4 Qc4+
64.Ke3 Qc3+ 65.Kf4 Qc4+ 66.Ke3 Qc3+ 67.Ke4 Qc2+ 68.Ke3  1/2-1/2

[Event "Grand Europe Cup 2014"]
[Site "Golden Sands BUL"]
[Date "2014.06.17"]
[Round "8.65"]
[White "Hurtak,Otto"]
[Black "Kutnik,A"]
[Result "0-1"]
[WhiteElo "2025"]
[BlackElo "2132"]

1.d4 d5 2.c4 dxc4 3.e4 e5 4.Nf3 exd4 5.Qxd4 Qxd4 6.Nxd4 a6 7.Bxc4 c5 8.Nf3 Nc6
9.Nc3 Be6 10.Bxe6 fxe6 11.O-O Nd4 12.Rd1 Nxf3+ 13.gxf3 Rc8 14.a4 Ne7 15.Be3 b6
16.f4 g6 17.Rd6 Nc6 18.Rxe6+ Kf7 19.f5 Rg8 20.Kf1 gxf5 21.exf5 Ne7 22.Rxb6 Nxf5
23.Rxa6 Re8 24.Rd1 Rxe3 25.fxe3 Nxe3+ 26.Kf2 Nxd1+ 27.Nxd1 Be7 28.Rc6 Ra8
29.Nc3 Bf6 30.Rxc5 Bd4+  0-1

[Event "Asian Clubs 2014"]
[Site "Al-Ain UAE"]
[Date "2014.06.22"]
[Round "2.2"]
[White "Lou Yiping"]
[Black "Lane,G"]
[Result "0-1"]
[WhiteElo "2488"]
[BlackElo "2354"]

1.d4 d5 2.c4 dxc4 3.e4 e5 4.Nf3 exd4 5.Bxc4 Nc6 6.O-O Bc5 7.Bf4 Bb6 8.b4 Qe7
9.a3 Bg4 10.h3 Bh5 11.Nbd2 f6 12.Bb5 Qd7 13.a4 a5 14.Nb3 Nge7 15.bxa5 Bxa5
16.Nc5 Qc8 17.Bc4 Nd8 18.Qb3 Bxf3 19.Qxf3 b6 20.Nb3 Bc3 21.Rad1 Ne6 22.Bc1 Ng6
23.Qf5 Ke7 24.Qb5 Ne5 25.Ba3+ c5 26.Bxe6 Qxe6 27.Nxd4 Bxd4 28.Rxd4 Qc6 29.Qb3 Rhd8
30.Rfd1 Rxd4 31.Rxd4 Nf7 32.f4 Nd6 33.e5 fxe5 34.fxe5 cxd4 35.Bxd6+ Kd7 36.Qf7+ Kc8
37.e6 Rxa4 38.Be5 Ra1+ 39.Kh2 Re1 40.Qxg7 Rxe5  0-1

[Event "HMC Calder Cup 2014"]
[Site "Rosmalen NED"]
[Date "2014.06.22"]
[Round "3.1"]
[White "Guramishvili,S"]
[Black "Landa,K"]
[Result "0-1"]
[WhiteElo "2396"]
[BlackElo "2662"]

1.d4 d5 2.c4 dxc4 3.e4 e5 4.Nf3 exd4 5.Bxc4 Nc6 6.Qb3 Qd7 7.Bb5 Nge7 8.O-O a6
9.Be2 Ng6 10.Rd1 Bc5 11.Be3 O-O 12.Qc4 Ba7 13.Nxd4 Rd8 14.Nc3 Nxd4 15.Bxd4 Bxd4
16.Nd5 c5 17.Nb6 Qc6 18.Nxa8 b5 19.Qc2 Bb7 20.b4 Bxa8 21.Rac1 c4 22.Rd2 Qf6
23.Bf1 c3 24.Re2 Ne5 25.h3 Nc4 26.Kh1 Be5 27.Rd1 Nd2  0-1

[Event "ch-ISR w 2014"]
[Site "Beer-Sheva ISR"]
[Date "2014.06.23"]
[Round "6.3"]
[White "Bejashvili,Irma"]
[Black "Haitovich,A"]
[Result "1/2-1/2"]
[WhiteElo "1736"]
[BlackElo "1870"]

1.d4 d5 2.c4 dxc4 3.e4 Nf6 4.Nc3 e5 5.Nf3 exd4 6.Nxd4 Bc5 7.Be3 Ng4 8.Ne6 Qxd1+
9.Rxd1 Bxe6 10.Bxc5 Nd7 11.Bd4 O-O 12.Nb5 c5 13.Bc3 Nb6 14.Be2 Rfc8 15.O-O f6
16.Rd6 Bd7 17.Rxd7 Nxd7 18.Bxg4 Rd8 19.Be6+ Kf8 20.Bxc4 Nb6 21.Bd5 Nxd5 22.exd5 Rd7
23.Rd1 a6 24.Na3 Rad8 25.Kf1 Rxd5 26.Re1 b5 27.Ba5 R8d6 28.Bc7 Rc6 29.Bf4 Rd4
30.Be3 Ra4 31.Rc1 b4 32.Nc2 a5 33.a3 bxa3 34.Nxa3 c4 35.Rc3 Kf7 36.Nb5 Rb4
37.Nd4 Rd6 38.Rc2 g6 39.Ke2 Rd5 40.Nc6 Ra4 41.Bd2 Rc5 42.Nxa5 c3 43.Rxc3 Raxa5
44.Rxc5 Rxc5 45.b4 Rd5 46.Be3 Ke6 47.Kf3 Ke5 48.Ke2 Ke4 49.f3+ Ke5 50.g3 Kd6
51.h4 Kc6 52.Bh6 Kb5 53.Bf8 Kc4 54.Ke3 Rd8 55.Bc5 Rd1 56.Kf4 Rf1 57.g4 Kd3
58.Be7 Ke2 59.Bxf6 Rxf3+ 60.Ke5 Rb3 61.Be7 Kf3 62.g5 Kg4 63.Kf6 Kxh4 64.Kg7 Rd3
65.Kf6 Kh5 66.Ke5 Rd7 67.Ke6 Rd1 68.Kf7 h6 69.gxh6 Kxh6 70.Bc5 g5 71.Ke6 g4
72.b5 g3 73.b6 g2 74.Ke7 g1=Q 75.Bxg1 Rxg1 76.Kd6 Rd1+ 77.Kc7 Rc1+ 78.Kb8 Kg7
79.b7 Kf7 80.Ka7 Ra1+ 81.Kb6 Rb1+ 82.Kc7 Rc1+ 83.Kd7 Rb1 84.Kc8 Rc1+ 85.Kd7 Rb1
86.Kc8 Rxb7  1/2-1/2

[Event "42nd TCh-GRE 2014"]
[Site "Porto Rio GRE"]
[Date "2014.06.29"]
[Round "3.3"]
[White "Kourousis,E"]
[Black "Papadimitriou,A"]
[Result "1-0"]
[WhiteElo "2364"]
[BlackElo "2286"]

1.d4 d5 2.c4 dxc4 3.e4 e5 4.Nf3 Bb4+ 5.Nc3 exd4 6.Qxd4 Qxd4 7.Nxd4 Nf6 8.f3 O-O
9.Bxc4 c6 10.Be3 Nbd7 11.Kf2 Ne5 12.Be2 Be6 13.Rac1 Bc4 14.a3 Ba5 15.Na4 Bxe2
16.Kxe2 Bb6 17.Rhd1 Rfd8 18.Nxb6 axb6 19.Nf5 b5 20.Bd4 Nc4 21.a4 Ne8 22.axb5 cxb5
23.Ra1 f6 24.Bc3 b4 25.Bxb4 Nxb2 26.Rxa8 Rxa8 27.Rd7 b6 28.Ne7+ Kh8 29.Nd5 Nc4
30.f4 h6 31.h4 Kh7 32.h5 b5 33.Kd3 Rb8 34.Bc5 Rc8 35.Bd4 Kh8 36.g4 Na5 37.Ne7 Rb8
38.e5 fxe5 39.Bxe5 Rb7 40.Ng6+ Kg8 41.Rd8 Kf7 42.Ra8 Nc6 43.Bb2 Ra7 44.Rc8 Nb4+
45.Ke3 Nd5+ 46.Kf3 b4 47.Ne5+ Kf8 48.Bd4 Rc7 49.Bc5+ Rxc5 50.Rxc5 Nec7 51.Nd3 b3
52.Rc1 Nb5 53.Rc8+ Ke7 54.Rb8 Ndc3 55.Rb7+ Kf6 56.Rb6+ Ke7 57.g5 Nd4+ 58.Kg4 Nd5
59.Rb7+ Kf8 60.Nc5 Ne3+ 61.Kg3 Nef5+ 62.Kf2 hxg5 63.fxg5 Nd6 64.Rb8+ Ke7
65.Kg3 Nf7 66.Rb7+ Kd6 67.Nxb3 Nxb3 68.Rxf7 Kd5  1-0

[Event "X Baltic Pearl Open 2014"]
[Site "Lazy POL"]
[Date "2014.07.01"]
[Round "3.9"]
[White "Plichta,K"]
[Black "Antonov,Al2"]
[Result "1/2-1/2"]
[WhiteElo "2247"]
[BlackElo "2077"]

1.d4 d5 2.c4 dxc4 3.e4 e5 4.Nf3 exd4 5.Bxc4 Nc6 6.O-O Be6 7.Bb5 Bc5 8.b4 Bb6
9.a4 a5 10.bxa5 Rxa5 11.Nbd2 Ne7 12.Ng5 O-O 13.Qh5 h6 14.Nxe6 fxe6 15.Nc4 Ra8
16.Bxh6 gxh6 17.Qxh6 d3 18.Nxb6 cxb6 19.Ra3 Rf7 20.Rxd3 Qf8 21.Qxe6 Kh8 22.Rfd1 Rh7
23.Rh3 Rd8 24.Rxd8 Nxd8 25.Rxh7+ Kxh7 26.Qxb6 Ng6 27.Qc7+ Kh6 28.g3 Qf6 29.Qc1+ Kg7
30.Kg2 Ne6 31.Qe3 b6 32.Bc4 Ng5 33.f4 Qb2+ 34.Be2 Ne6 35.Qf2 Nc5 36.Bf3 Qc3
37.e5 Nd3 38.Qxb6 Ne1+ 39.Kf2 Nd3+ 40.Ke2 Qc2+ 41.Kf1 Qc1+ 42.Ke2 Qc2+ 43.Kf1 Qc1+
44.Kg2 Ne1+ 45.Kh3 Qc8+ 46.e6 Nxf3 47.Qe3 Nfe5 48.fxe5 Qxe6+ 49.Kg2 Nxe5
50.g4 Qxg4+ 51.Qg3 Qxg3+ 52.Kxg3 Nc4 53.Kf4 Kg6 54.Ke4 Kh5 55.Kd4 Na5 56.Kc5 Kh4
57.Kb5 Nb7 58.Kb6 Nd6 59.Kc5 Nb7+  1/2-1/2

[Event "Ilmar Raud Memorial 2014"]
[Site "Viljandi EST"]
[Date "2014.07.02"]
[Round "4.5"]
[White "Shishkov,A"]
[Black "Volodin,Alek"]
[Result "1-0"]
[WhiteElo "2365"]
[BlackElo "2490"]

1.d4 d5 2.c4 dxc4 3.e4 e5 4.Nf3 Bb4+ 5.Bd2 Bxd2+ 6.Nbxd2 exd4 7.Bxc4 c5 8.O-O Nc6
9.Bb5 Ne7 10.Rc1 O-O 11.Rxc5 Qd6 12.Nb3 b6 13.Bxc6 Nxc6 14.Rd5 Qg6 15.Nbxd4 Bb7
16.Nf5 Qe6 17.Re1 Rad8 18.a3 g6 19.N3d4 Qf6 20.Nxc6 Bxc6 21.Rd6 Rxd6 22.Qxd6 Qxd6
23.Nxd6 Rd8 24.e5 Rd7 25.Rc1 Ba4 26.f4 Re7 27.Rc4 Bb3 28.Rc8+ Kg7 29.Ne8+  1-0

[Event "X Baltic Pearl Open 2014"]
[Site "Lazy POL"]
[Date "2014.07.07"]
[Round "8.16"]
[White "Chylewski,Patryk"]
[Black "Antonov,Al2"]
[Result "0-1"]
[WhiteElo "1909"]
[BlackElo "2077"]

1.d4 d5 2.c4 dxc4 3.e4 e5 4.Nf3 exd4 5.Bxc4 Nc6 6.O-O Be6 7.Bxe6 fxe6 8.Qb3 Qd7
9.Qxb7 Rb8 10.Qa6 Nf6 11.Nbd2 Bb4 12.Qd3 Bxd2 13.Bxd2 O-O 14.Rac1 Rxb2 15.Rc5 Ne7
16.Rfc1 c6 17.e5 Nfd5 18.Ng5 Ng6 19.Qxd4 Rb6 20.Ba5 Rb5 21.Rxb5 cxb5 22.Bb4 Rf4
23.Ne4 Rf5 24.Bd6 Ngf4 25.Rc2 h6 26.Bc5 Qe8 27.Ng3 Qg6 28.Qe4 Rxe5 29.Qxg6 Re1+
30.Nf1 Nxg6 31.Bxa7 Ne5 32.Bd4 Nc4 33.Bc5 Ra1 34.g3 Ne5 35.Kg2 Nd3 36.Kg1 b4
37.Bd4 Rd1 38.Be3 Nc3 39.Bd2 Nd5 40.Kg2 e5 41.h4 e4 42.Kg1 Kh7 43.Rc4 Ne5
44.Rxe4 Nf3+ 45.Kg2 Nxd2 46.Rd4 Nxf1 47.Rxd1 Nfe3+ 48.fxe3 Nxe3+  0-1

[Event "Werner-Ott-Open 2014"]
[Site "Kreuzberg GER"]
[Date "2014.07.08"]
[Round "4.3"]
[White "Richter,Mic"]
[Black "Lerch,Ph"]
[Result "1-0"]
[WhiteElo "2491"]
[BlackElo "2197"]

1.d4 d5 2.c4 dxc4 3.e4 Nc6 4.Nf3 Bg4 5.d5 Ne5 6.Bf4 Ng6 7.h3 Bd7 8.Bh2 e6
9.Bxc4 Nf6 10.dxe6 Bxe6 11.Qa4+ Qd7 12.Qxd7+ Bxd7 13.Nc3 Bb4 14.O-O-O Bxc3
15.bxc3 Bc6 16.Nd4 Bd7 17.e5 Ne4 18.Rhe1 Nc5 19.f4 Ne7 20.e6 Bxe6 21.Nxe6 Nxe6
22.f5 Nxf5 23.Bxe6 fxe6 24.Rxe6+ Kf7 25.Re5 Kg6 26.g4 Nd6 27.Re7 Rad8 28.Rxc7 Ne4
29.Rxd8 Rxd8 30.Be5 Nf6 31.Rxb7 Rd3 32.h4 Rd7 33.Rxd7 Nxd7 34.Bd4 a6 35.Kc2 h5
36.g5 Kf7 37.Kb3 g6 38.Kb4 Ke6 39.Ka5 Kd6 40.Kxa6 Kc6 41.a4 Nf8 42.Ka5 Ne6  1-0

[Event "X Baltic Pearl Open 2014"]
[Site "Lazy POL"]
[Date "2014.07.08"]
[Round "9.21"]
[White "Tomaszewski,K"]
[Black "Lebiedowicz,B"]
[Result "1/2-1/2"]
[WhiteElo "2012"]
[BlackElo "1833"]

1.d4 d5 2.c4 dxc4 3.e4 e5 4.Nf3 exd4 5.Bxc4 Nc6 6.O-O Be6 7.Bb5 Bc5 8.b4 Bb6
9.Bb2 Nf6 10.e5 Nd5 11.Nxd4 Nxb4 12.Nxe6 fxe6 13.Qh5+ g6 14.Qg4 Qd7 15.Bc4 Nd5
16.Bxd5 Qxd5 17.Rd1 Qc5 18.Qxe6+ Qe7 19.Qxe7+ Kxe7 20.Nc3 Ke6 21.Nd5 Rhf8
22.Nxb6 axb6 23.f3 Nb4 24.a3 Nd5 25.Rac1 c6 26.Rd3 Ra4 27.g3 g5 28.Rcd1 Rc4  1/2-1/2

[Event "Polugaevsky Mem 2014"]
[Site "Samara RUS"]
[Date "2014.07.10"]
[Round "9.14"]
[White "Zontakh,A"]
[Black "Miroshnichenko,P"]
[Result "1-0"]
[WhiteElo "2540"]
[BlackElo "2257"]

1.d4 d5 2.c4 dxc4 3.e4 Nf6 4.e5 Nd5 5.Bxc4 Nb6 6.Bd3 Nc6 7.Be3 Nb4 8.Be4 f5
9.a3 N4d5 10.Bf3 Be6 11.Ne2 c6 12.Nbc3 g6 13.h4 Qd7 14.h5 Nxe3 15.fxe3 g5
16.g4 fxg4 17.Bg2 Bd5 18.Ne4 Bxe4 19.Bxe4 O-O-O 20.Rc1 Kb8 21.O-O Nd5 22.Bxd5 Qxd5
23.Nc3 Qe6 24.Ne4 g3 25.Kg2 g4 26.Nc5 Qh6 27.Qb3 b6 28.Rf5 Rxd4 29.Ne6 Rd2+
30.Kxg3 Rxb2 31.Qxb2 Qxe6 32.Qc2 Bg7 33.Qe4 Kb7 34.Rd1 Rc8 35.Kxg4 Bh6 36.Kf3 Rc7
37.a4 Qa2 38.e6 Qh2 39.Qg4 Qc2 40.Rd8 Qb3 41.Qe4 Qc3 42.Ke2 Qb2+ 43.Rd2 Qc1
44.a5 Qg1 45.axb6 axb6 46.Rd8 Qh2+ 47.Kd3 Qa2 48.Rd4 Qa6+ 49.Kd2 Qa2+ 50.Kd3 Qa6+
51.Rc4 Rc8 52.Ke2 Qa2+ 53.Rc2 Qa6+ 54.Kf2 Qa3 55.Rd2 Rc7 56.Qe5 Qc1 57.Ra2 Qc4
58.Ra7+ Kxa7 59.Qxc7+ Ka6 60.Qc8+ Ka7 61.Qc7+ Ka6 62.Qe5 Qh4+ 63.Kf3 Qh3+
64.Ke2 Qg4+ 65.Rf3 Bg5 66.Qf5 Qg2+ 67.Rf2 Qg3 68.Qe4 Kb7 69.Rg2 Qh4 70.Qxh4 Bxh4
71.Rg7 Kc7 72.Rxh7 Kd6 73.Rg7 Kxe6 74.h6 Bf6 75.Rg8  1-0

[Event "Corporation Cup 2014"]
[Site "Izhevsk RUS"]
[Date "2014.07.15"]
[Round "4.1"]
[White "Maletin,P"]
[Black "Khismatullin,D"]
[Result "0-1"]
[WhiteElo "2583"]
[BlackElo "2680"]

1.d4 d5 2.c4 dxc4 3.e4 Nc6 4.Nf3 Bg4 5.d5 Ne5 6.Bf4 Ng6 7.Be3 Nf6 8.Nc3 e5
9.Bxc4 Nh4 10.Rg1 a6 11.Be2 Ng6 12.Nd2 Bxe2 13.Qxe2 Bb4 14.Rc1 Nf4 15.Bxf4 exf4
16.g3 fxg3 17.hxg3 O-O 18.Kf1 Re8 19.Qf3 c6 20.Ndb1 cxd5 21.exd5 Qd7 22.Kg2 Re5
23.Rge1 Rf5 24.Qd3 Rd8 25.Rcd1 g6 26.Qc4 Ba5 27.d6 b5 28.Qd3 Qc6+ 29.f3 Rxd6
30.Qe2 h5 31.Rxd6 Qxd6 32.Rd1 Qc6 33.Rd3 h4 34.Nd2 hxg3  0-1

[Event "25th Czech Rapid G1 2014"]
[Site "Pardubice CZE"]
[Date "2014.07.16"]
[Round "2.2"]
[White "Navara,D"]
[Black "Zubritskiy,A"]
[Result "1-0"]
[WhiteElo "2716"]
[BlackElo "2335"]

1.d4 d5 2.c4 dxc4 3.e4 c5 4.d5 e6 5.Bxc4 Nf6 6.Nc3 exd5 7.Nxd5 Nxd5 8.Bxd5 Be7
9.Nf3 O-O 10.O-O Na6 11.Bf4 Nc7 12.Bxc7 Qxc7 13.h3 Bd7 14.Qb3 Bc6 15.Rad1 Rad8
16.a4 Bxd5 17.exd5 Bf6 18.Rfe1 c4 19.Qc2 Qc5 20.Ne5 Bxe5 21.Rxe5 f6 22.Re4 Rxd5
23.Rxd5 Qxd5 24.Qxc4 Qxc4 25.Rxc4 g6 26.f3 Rf7 27.Kf2 Re7 28.g4 Kf7 29.h4 Ke6
30.Re4+ Kd6 31.Rxe7 Kxe7 32.Ke3 a5 33.f4 h6 34.Kd3 Kd7 35.Kc3 g5 36.fxg5 fxg5
37.hxg5 hxg5 38.Kd3 Ke7 39.Kc4 Ke6 40.Kb5 Kd5 41.Kxa5 Kc5 42.b3 Kd5  1-0

[Event "25th Czech Rapid G1 2014"]
[Site "Pardubice CZE"]
[Date "2014.07.16"]
[Round "3.15"]
[White "Baryshpolets,A"]
[Black "Rozhkov,Ve"]
[Result "1-0"]
[WhiteElo "2546"]
[BlackElo "2327"]

1.d4 d5 2.c4 dxc4 3.e4 Nc6 4.Nf3 Bg4 5.d5 Ne5 6.Bf4 Ng6 7.Be3 e5 8.Bxc4 Bd6
9.Bb5+ Bd7 10.Qb3 Nf6 11.Nc3 O-O 12.O-O Bc8 13.Rfc1 Nh5 14.Bf1 a6 15.g3 b6
16.Bg2 h6 17.Nd2 Qf6 18.f3 Qe7 19.Nc4 Bc5 20.Ne2 Bd7 21.Bxc5 Qxc5+ 22.Qe3 Qxe3+
23.Nxe3 Rac8 24.Rc3 Bb5 25.Kf2 Nf6 26.Bh3 Bd7 27.Bxd7 Nxd7 28.Rac1 a5 29.Rxc7 Nc5
30.Rxc8 Rxc8 31.Rc3 Nf8 32.Nf5 Re8 33.Nc1 Nfd7 34.Nd3 g6 35.Nxc5 Nxc5 36.Nd6 Rb8
37.b3 Rd8 38.Nc4 Rc8 39.Ke3 Nd7 40.Kd2 f5 41.exf5 gxf5 42.Nd6 Rxc3 43.Kxc3 f4
44.gxf4 exf4 45.Kd4 Kg7 46.Ke4 Nc5+ 47.Kxf4 Nd3+ 48.Kf5 Nb4 49.Ke6 Nxa2 50.Nc4 Nc1
51.Nxb6 Nxb3 52.Na4 Nd4+ 53.Ke7 Nxf3 54.d6 Ne5 55.Ke6 Nc6 56.d7 Kg6 57.Nc5 Kh5
58.Nb7 a4 59.Kd6 a3 60.Kxc6 a2 61.d8=Q a1=Q 62.Qd2 Qa4+ 63.Kc7 Qc4+ 64.Kb8 Kg4
65.Nd6 Qf4 66.Qg2+ Kh5 67.Kc7 Kh4 68.Kc6 h5 69.Nf5+  1-0

[Event "Sparkassen Open A 2014"]
[Site "Dortmund GER"]
[Date "2014.07.20"]
[Round "9.8"]
[White "Pauly,C"]
[Black "Hobusch,Jan"]
[Result "1/2-1/2"]
[WhiteElo "2161"]
[BlackElo "2130"]

1.d4 d5 2.c4 dxc4 3.e4 Nc6 4.Nf3 Bg4 5.Bxc4 e6 6.Bb5 Bb4+ 7.Nc3 Ne7 8.a3 Bxc3+
9.bxc3 O-O 10.O-O a6 11.Be2 Qd7 12.Be3 Rfd8 13.Qb1 b5 14.a4 b4 15.Rd1 bxc3
16.Ne5 Nxe5 17.dxe5 Qxd1+ 18.Bxd1 Rxd1+ 19.Qxd1 Bxd1 20.Rxd1 c2 21.Rd7 Kf8
22.Kf1 Ke8 23.Rxc7 Rc8 24.Rxc8+ Nxc8 25.Ke2 Nb6 26.Kd3 c1=Q  1/2-1/2

[Event "2nd Gideon Japhet Mem Op"]
[Site "Jerusalem ISR"]
[Date "2014.07.22"]
[Round "7.15"]
[White "Erenberg,Ariel"]
[Black "Altshul,Limor"]
[Result "1-0"]
[WhiteElo "2131"]
[BlackElo "1918"]

1.d4 d5 2.c4 dxc4 3.e4 e5 4.Nf3 Bb4+ 5.Bd2 Bxd2+ 6.Qxd2 exd4 7.Bxc4 Nc6 8.O-O Nf6
9.e5 Nd5 10.Nxd4 Nxd4 11.Qxd4 Be6 12.Qe4 c6 13.Rd1 Qg5 14.Nd2 Bf5 15.Qf3 Bg4
16.Qg3 Qf4 17.Qxf4 Nxf4 18.f3 Be6 19.Bxe6 Nxe6 20.Ne4 O-O 21.Rd7 b6 22.g3 Rfd8
23.Rad1 c5 24.R1d6 Kf8 25.f4 Ke8 26.Rb7 Kf8 27.f5 Rxd6 28.Nxd6 Nd8 29.Rc7 a6
30.Kf2 g6 31.g4 Kg8 32.Ke3 Kf8 33.Ke4 b5 34.Kd5 gxf5 35.gxf5 c4 36.e6 fxe6+
37.fxe6 Nxe6 38.Kxe6 Kg8 39.Ne4  1-0

[Event "Open ch-BUL Women 2014"]
[Site "Vratsa BUL"]
[Date "2014.07.24"]
[Round "5.3"]
[White "Avramidou,Anastasia"]
[Black "Ionescu,I"]
[Result "1/2-1/2"]
[WhiteElo "2007"]
[BlackElo "2253"]

1.d4 d5 2.c4 dxc4 3.e4 e5 4.Nf3 exd4 5.Bxc4 Nc6 6.Nbd2 Bc5 7.Nb3 Bb6 8.Bb5 Bg4
9.O-O Ne7 10.Nbxd4 O-O 11.Nxc6 bxc6 12.Be2 Ng6 13.Bg5 f6 14.Qb3+ Kh8 15.Be3 Qe7
16.h3 Be6 17.Qc3 Bf7 18.Nd4 Qxe4 19.Bf3 Qe5 20.Nxc6 Qxc3 21.bxc3 Nh4 22.Nd4 c5
23.Bxa8 cxd4 24.Bxd4 Bxd4 25.cxd4 Rxa8 26.Rfd1 Bd5 27.f3 Kg8 28.Kf2 Nf5 29.Rd2 Rc8
30.Rb1 Nd6 31.Rb4 a5 32.Rbb2 Nc4 33.Rdc2 Rd8 34.Rb3 Kf7 35.Rb5 Be6 36.Rb7+ Kg6
37.Re2 Rd6 38.Ra7 Rb6 39.Kg3 f5 40.d5 Bxd5 41.Ree7 Kf6 42.Rxg7 Ke5 43.Rge7+ Kd4
44.Rxh7 Rb2 45.Rh4+ Ke3 46.Re7+ Kd3 47.Rd7 Ne3 48.Ra4 Rxg2+ 49.Kf4 Re2 50.Ra3+ Kd4
51.Rxe3 Rf2 52.Ra3 Kc4 53.Rxd5 Kxd5 54.Rxa5+ Ke6 55.Re5+ Kd6 56.Rxf5 Rxa2
57.Re5 Rh2 58.Re3 Rxh3 59.Kg4 Rh8 60.f4 Rg8+ 61.Kh5 Rf8 62.Kg5 Rg8+ 63.Kf5 Rf8+
64.Kg4 Rg8+ 65.Kf3 Rf8 66.Re5 Rg8 67.Ke4 Kd7 68.Kf5 Rf8+ 69.Kg5 Rg8+ 70.Kh6 Kd6
71.Rg5 Rf8 72.Rg6+ Ke7 73.Kg5 Ra8 74.Rh6 Kf7 75.Rf6+ Kg7 76.Rb6 Ra7 77.f5 Rc7
78.Rg6+ Kf7 79.Rh6 Kg7 80.Rh4 Rc6 81.Rh3 Ra6 82.Rb3 Kf7 83.Rb8 Kg7 84.Rb1 Rc6
85.Rh1 Ra6 86.Rf1 Rb6 87.Rg1 Ra6 88.Kf4+ Kf7 89.Rg2 Rb6 90.Ra2 Kf6 91.Ra4 Rc6
92.Kg4 Rb6 93.Kf4 Rc6 94.Re4 Ra6 95.Re6+ Rxe6 96.fxe6 Kxe6 97.Ke4  1/2-1/2

[Event "23rd Martigny Open 2014"]
[Site "Martigny SUI"]
[Date "2014.07.26"]
[Round "3.2"]
[White "Burnier,D"]
[Black "Rausis,I"]
[Result "0-1"]
[WhiteElo "2301"]
[BlackElo "2578"]

1.d4 d5 2.c4 dxc4 3.e4 e5 4.Nf3 exd4 5.Bxc4 Nc6 6.O-O Bc5 7.Nbd2 Nge7 8.Nb3 Bb6
9.Bg5 Bg4 10.e5 h6 11.Bxe7 Qxe7 12.Bb5 Rd8 13.Bxc6+ bxc6 14.Rc1 O-O 15.Nbd2 f6
16.exf6 Qxf6 17.Qa4 c5 18.Rfe1 Be6 19.Ne4 Qf5 20.Ng3 Qf7 21.b3 Bd5 22.Ne4 Qg6
23.Nfd2 d3 24.Re3 c4 25.Rg3 Qe8 26.Qxe8  0-1

[Event "22nd Saint-Affrique Open"]
[Site "Saint-Affrique FRA"]
[Date "2014.07.26"]
[Round "9.3"]
[White "Flear,G"]
[Black "Petrossian,A"]
[Result "1/2-1/2"]
[WhiteElo "2464"]
[BlackElo "2380"]

1.d4 d5 2.c4 dxc4 3.e4 e5 4.Nf3 exd4 5.Bxc4 Nc6 6.O-O Be6 7.Bb5 Bc5 8.b4 Bb6
9.a4 a6 10.Bxc6+ bxc6 11.a5 Ba7 12.Bb2 Nf6 13.Nbd2 Rb8 14.Qc2 c5 15.bxc5 d3
16.Qc3 Bxc5 17.Qxc5 Rxb2 18.Rfc1 Qd6 19.Qc3 Rc2 20.Rxc2 dxc2 21.Qxc2 Nd7
22.Rc1 c5 23.Ng5 h6 24.Nxe6 Qxe6 25.Nc4 O-O 26.Rd1 Qc6 27.Rd6 Qb5 28.Qd3 Rb8
29.g3 Nf8 30.Rb6 Rxb6 31.axb6 Nd7 32.h4 a5 33.Qd5 Nxb6 34.Qd8+ Kh7 35.Nxb6 Qb1+
36.Kg2 Qxe4+ 37.Kf1 a4 38.Nd5 Qd3+ 39.Kg1 Qb1+ 40.Kh2 Qf1 41.Ne7 Qxf2+ 42.Kh3 Qf1+
43.Kh2 Qf2+ 44.Kh3  1/2-1/2

[Event "40th Badalona Open 2014"]
[Site "Badalona ESP"]
[Date "2014.08.02"]
[Round "1.2"]
[White "Lopez Martinez,Josep"]
[Black "Vazquez Moreno,J"]
[Result "1-0"]
[WhiteElo "2549"]
[BlackElo "2114"]

1.d4 d5 2.c4 dxc4 3.e4 Nc6 4.Nf3 Nf6 5.Nc3 Bg4 6.d5 Ne5 7.Bf4 Ng6 8.Be3 e5
9.Bxc4 a6 10.h3 Bd7 11.a4 Bd6 12.O-O O-O 13.Re1 h6 14.Bf1 Re8 15.Nd2 Qe7
16.Qb3 Rab8 17.Nc4 Bc5 18.a5 Bxe3 19.Rxe3 Qc5 20.Qa3 Qxa3 21.Rxa3 Red8 22.g3 Ne8
23.Rb3 c6 24.Nb6 cxd5 25.Nxd7 Rxd7 26.exd5 Rc8 27.h4 Re7 28.Rb6 Rd8 29.Ne4 Rxd5
30.Rxg6 fxg6 31.Bc4 Rd7 32.Nc3  1-0